Normal view
MARC view
- Griffiths, Percival Joseph
Entry Personal Name
001 - CONTROL NUMBER
- control field: 37665
003 - CONTROL NUMBER IDENTIFIER
- control field: NUST
005 - DATE AND TIME OF LATEST TRANSACTION
- control field: 20210314130336.0
008 - FIXED-LENGTH DATA ELEMENTS
- fixed length control field: 210314|| aca||aabn | a|a d
040 ## - CATALOGING SOURCE
- Original cataloging agency: NUST
- Transcribing agency: NUST
100 ## - HEADING--PERSONAL NAME
- Personal name: Griffiths, Percival Joseph
670 ## - SOURCE DATA FOUND
- Source citation: Work cat.: (NUST): Griffiths, Percival Joseph,, Better towns, a study of urban reconstruction in India., [1945]
